[Event "BL Meisterschaftsturnier 2020"]
[Site "Karlsruhe"]
[Date "2020.09.18"]
[Round "4.1"]
[White "Seel, Christian"]
[Black "Kamsky, Gata"]
[Result "1/2-1/2"]
[WhiteElo "2475"]
[BlackElo "2674"]
[Annotator "TA"]
[PlyCount "58"]
[EventDate "2020.09.16"]
[EventType "team-tourn"]
[EventCountry "GER"]
[SourceTitle "playchess.com"]
[Source "ChessBase"]
[SourceQuality "1"]
[WhiteTeam "Aachen"]
[BlackTeam "Deizisau"]

{[%evp 15,58,10,9,3,30,13,10,12,12,12,9,0,0,0,0,0,0,0,0,0,0,0,0,0,0,0,0,0,0,-6,0,0,0,0,0,0,0,0,0,0,0,0,0,0,0]} 1. Nf3 Nf6 2. c4 b6 3. g3 Bb7 4. Bg2 g6 5. b3 Bg7 6. Bb2 O-O 7. O-O e6 8. e3 c5 9. d4 {A30: Symmetrical English: Double Fianchetto and Hedgehog.} cxd4 10. Nxd4 Bxg2 {The position is equal.} 11. Kxg2 Nc6 12. Nxc6 (12. Nd2 {is more complex.} Nxd4 13. Bxd4 d5 14. Rc1 Rc8 15. Qe2) 12... dxc6 {[#]} 13. Nc3 $146 ({Predecessor:} 13. Qf3 Qc7 14. Bxf6 {1-0 (14) Breithut,K (2147)-Koch,M (2199) Bayern 2015}) 13... Qxd1 14. Rfxd1 Rfd8 15. Rxd8+ Rxd8 16. Rd1 Rxd1 17. Nxd1 Nd7 18. Bxg7 Kxg7 $11 {[%mdl 4096] Endgame KN-KN} 19. f4 Kf6 20. Kf3 Ke7 21. Nc3 Nc5 22. Ke2 a5 23. e4 e5 24. Ke3 Ke6 25. Ne2 f6 26. h3 Na6 27. Nc3 Nc5 28. Ne2 Na6 29. Nc3 Nc5 {Not much happened in this game. Accuracy: White = 100%, Black = 94%.} 1/2-1/2

[Event "BL Meisterschaftsturnier 2020"]
[Site "Karlsruhe"]
[Date "2020.09.18"]
[Round "4.2"]
[White "Vachier-Lagrave, Maxime"]
[Black "Tari, Aryan"]
[Result "*"]
[WhiteElo "2778"]
[BlackElo "2630"]
[Annotator "TA"]
[PlyCount "35"]
[EventDate "2020.09.16"]
[EventType "team-tourn"]
[EventCountry "GER"]
[SourceTitle "playchess.com"]
[Source "ChessBase"]
[SourceQuality "1"]
[WhiteTeam "Baden-Baden"]
[BlackTeam "Solingen"]

{[%evp 5,5,32]} 1. d4 d5 2. c4 e6 3. Nc3 {[#] An uneventful encounter.} {Predecessor:} c6 $146 4. e3 Nf6 5. Nf3 Nbd7 6. Qc2 {D46: Semi-Slav: 5 e3 Nbd7 6 Bd3, Black avoids the Meran.} Bd6 7. Bd3 dxc4 8. Bxc4 b5 9. Be2 O-O 10. O-O a6 11. Ng5 Be7 12. e4 Ne8 13. Nf3 c5 14. d5 exd5 15. Nxd5 Nef6 16. a4 Nxd5 17. exd5 Bb7 18. Rd1 {½-½ (41) Leko,P (2663)-Carlsen,M (2863) chess24.com INT 2020} *

[Event "BL Meisterschaftsturnier 2020"]
[Site "Karlsruhe"]
[Date "2020.09.18"]
[Round "4.2"]
[White "Vachier-Lagrave, Maxime"]
[Black "Tari, Aryan"]
[Result "1-0"]
[WhiteElo "2778"]
[BlackElo "2630"]
[Annotator "TA"]
[PlyCount "73"]
[EventDate "2020.09.16"]
[EventType "team-tourn"]
[EventCountry "GER"]
[SourceTitle "playchess.com"]
[Source "ChessBase"]
[SourceQuality "1"]
[WhiteTeam "Baden-Baden"]
[BlackTeam "Solingen"]

{[%evp 17,73,11,4,6,8,10,7,0,0,0,20,13,23,26,12,0,64,71,60,69,91,110,97,14,31,23,30,23,18,28,124,120,104,52,484,489,531,525,517,511,464,175,177,169,165,152,289,290,484,282,275,268,586,583,845,790,29987,29987]} 1. d4 d5 2. c4 e6 3. Nc3 Nf6 4. cxd5 Nxd5 5. Nf3 c5 6. e3 Nc6 7. Bc4 Nxc3 8. bxc3 Be7 {The main line 8...Be7 scores better than 8...cxd4.} 9. O-O O-O 10. Qe2 {D41: Queen's Gambit Declined: Semi-Tarrasch with 5 cxd5.} b6 11. Rd1 Qc7 12. e4 {The position is equal.} Bb7 13. Be3 {[#]} Rad8 $146 ({Predecessor:} 13... Rac8 14. Bd3 cxd4 15. cxd4 Ba3 16. e5 Nb4 17. Ng5 h6 18. Bh7+ Kh8 19. Qh5 Nd5 {½-½ (40) Byrne,R-Fischer,R New York 1959}) 14. Rac1 Qb8 15. h4 h6 16. h5 Kh8 (16... cxd4 $11 17. cxd4 Na5) 17. Bd3 $14 cxd4 18. cxd4 {[%cal Bc3d4,Bd4d5][%mdl 32]} Qd6 19. Bb1 {Threatens to win with e5.} f5 20. exf5 (20. Qd2 $16) 20... exf5 $11 21. d5 Ne5 $1 22. Bf4 Nxf3+ 23. Qxf3 Qf6 (23... Qb4 $11) 24. Rc7 $36 {[%mdl 2048] Black is under strong pressure.} Ba8 25. Qg3 ({Better is} 25. g4 $16) 25... Bxd5 $2 {[%mdl 8192] This move loses the game for Black.} (25... Bd6 $1 $14) 26. Be5 $18 Qf7 {[#]} 27. Bxf5 $1 {[%mdl 512]} Be4 (27... Qxf5 28. Qxg7#) 28. Rxd8 Rxd8 29. Qg6 $2 (29. Rxe7 Qxe7 30. Bxe4) 29... Qxg6 30. Bxg6 Bxg6 31. Rxe7 Bxh5 (31... Re8 $16 32. Bxg7+ Kg8 33. Rxa7 Bxh5 34. Bxh6 Re6) 32. Rxg7 {Rd7+ is the strong threat. KRB-KRB} (32. Rxa7 Rg8 $16) (32. Bxg7+ Kg8 $16) 32... Rd1+ 33. Kh2 Be2 {[#]} 34. f4 $1 (34. Rxa7+ Kg8 $16) 34... h5 $2 {[#]} (34... Re1 {is tougher.} 35. Re7+ (35. Rxa7+ Kg8 $16) 35... Kg8) 35. Kg3 $1 {[%cal Rg3h4]} Rf1 36. Kh4 Rxf4+ 37. Rg4+ $1 {Accuracy: White = 78%, Black = 54%.} ({Not} 37. Bxf4 Kxg7 38. Kg5 Kf7 $15) 1-0

[Event "BL Meisterschaftsturnier 2020"]
[Site "Karlsruhe"]
[Date "2020.09.18"]
[Round "4.2"]
[White "Meier, Georg"]
[Black "Koch, Thomas"]
[Result "1-0"]
[WhiteElo "2622"]
[BlackElo "2461"]
[Annotator "TA"]
[PlyCount "126"]
[EventDate "2020.09.16"]
[EventType "team-tourn"]
[EventCountry "GER"]
[SourceTitle "playchess.com"]
[Source "ChessBase"]
[SourceQuality "1"]
[WhiteTeam "Deizisau"]
[BlackTeam "Aachen"]

{[%evp 22,126,29,33,39,37,34,25,39,26,15,8,21,29,54,47,154,142,156,155,161,154,168,167,147,155,202,185,201,154,144,163,170,171,187,149,158,64,64,72,81,67,156,152,148,160,165,169,162,162,164,162,250,243,243,235,245,243,251,244,245,229,238,253,240,237,213,0,250,245,266,266,247,239,243,252,248,271,254,219,547,537,516,497,571,570,570,563,554,547,877,865,800,807,770,780,1147,1108,757,495,1149,1065,1685,1630,8845,8258,6087]} 1. Nf3 c5 2. c4 Nf6 3. Nc3 b6 4. g3 Bb7 5. Bg2 g6 6. O-O Bg7 7. d4 cxd4 8. Qxd4 d6 9. Rd1 Nbd7 10. Be3 O-O 11. Qh4 Rc8 12. Rac1 Re8 {A30: Symmetrical English: Double Fianchetto and Hedgehog.} 13. b3 a6 14. Bh3 Rb8 {White has an edge. 14...Ba8 is becoming the main line.} 15. Nd5 Nxd5 16. cxd5 Nf6 17. Bh6 {[#] Ng5 is the strong threat.} Bxd5 $146 ({Predecessor:} 17... b5 18. e4 Qa5 19. Nd4 Qxa2 20. Bxg7 Kxg7 21. Qf4 Qa5 22. g4 Rbc8 23. g5 Nh5 {1-0 (45) Iacomi,S (2106)-Tassone,R (2164) ICCF email 2015}) 18. Ng5 $1 {aiming for Rxd5!} Bb7 (18... Bxh6 $14 19. Qxh6 e6) 19. Bxg7 $16 Kxg7 {[#]} 20. Be6 $1 $36 {[%mdl 2560] White is on the roll.} Rf8 (20... fxe6 21. Nxe6+) 21. Bxf7 $1 {Hoping for Ne6+.} Bc8 22. Ne6+ Bxe6 23. Bxe6 b5 {[#]} 24. Rc6 $1 b4 25. Qc4 ({Much less strong is} 25. Rxa6 $6 Qc7 $16) 25... Rb5 26. Qd4 Qb8 27. f4 a5 28. Rdc1 Rb7 29. g4 ({White should try} 29. Kg2 $16) 29... Qa7 $14 30. Qxa7 Rxa7 31. Rc7 Rfa8 (31... Rxc7 $14 32. Rxc7 Ne4) 32. g5 $16 Ne4 33. Bd5 Nc3 34. R7xc3 $1 bxc3 35. Bxa8 Rxa8 36. Rxc3 $18 {[%mdl 4096] Endgame KR-KR} Rb8 (36... h5 {keeps fighting.} 37. gxh6+ Kxh6) 37. Rc7 Kf7 {[#]} 38. Ra7 $1 Rb5 39. Kf2 Ke6 40. h4 Rc5 41. Ke3 Rd5 42. a4 Rc5 43. Kd3 Rd5+ 44. Ke3 Rc5 45. Rb7 Rc3+ 46. Kd4 Rc2 47. Kd3 Rb2 48. Rb5 d5 49. e4 (49. Rxa5 Rxb3+ 50. Kd2 Rh3 $14) 49... dxe4+ 50. Kxe4 Re2+ $2 (50... Rb1 {is more resistant.} 51. Kd4 (51. Rxa5 Rxb3 52. Ra6+ Kd7 $16) 51... Rf1 52. Rxa5 Rxf4+ 53. Kc5 Rxh4) 51. Kd3 {White is clearly winning.} Rb2 52. Kc3 Rf2 53. Rxa5 Rxf4 54. Rb5 Kd6 55. a5 Kc6 56. Rb6+ Kc7 57. Rb4 Rf3+ 58. Kc4 Rf4+ 59. Kb5 Rf5+ 60. Ka4 Rf1 (60... e5 $142 61. Rb6 Rf1) 61. Rc4+ Kd6 62. a6 e5 63. Kb5 Kd5 {Accuracy: White = 87%, Black = 59%.} 1-0

[Event "BL Meisterschaftsturnier 2020"]
[Site "Karlsruhe"]
[Date "2020.09.18"]
[Round "4.3"]
[White "Van Foreest, Jorden"]
[Black "Aronian, Levon"]
[Result "1/2-1/2"]
[WhiteElo "2682"]
[BlackElo "2773"]
[Annotator "TA"]
[PlyCount "50"]
[EventDate "2020.09.16"]
[EventType "team-tourn"]
[EventCountry "GER"]
[SourceTitle "playchess.com"]
[Source "ChessBase"]
[SourceQuality "1"]
[WhiteTeam "Solingen"]
[BlackTeam "Baden-Baden"]

{[%evp 9,50,14,19,19,13,10,15,14,22,0,27,20,15,25,26,11,11,4,14,0,5,6,16,5,16,15,14,-22,-14,-35,-27,-38,-33,-44,-34,-56,-31,-49,0,-50,0,-55,0]} 1. e4 e5 2. Nf3 Nc6 3. Bc4 Bc5 4. d3 Nf6 5. a4 {[%cal Ba2a4,Ba4a5][%mdl 32]} h6 6. a5 {C50: Hungarian Defence and Giuoco Pianissimo.} a6 7. O-O O-O 8. c3 {The position is equal.} d6 9. h3 {[#]} (9. Nbd2 {keeps more tension.} Re8 10. Qb3 Rf8 11. Re1 Ng4 12. Re2) 9... Kh8 $146 (9... Re8 {seems wilder.} 10. Qb3 Qe7 11. Re1 Rb8 12. Qc2 Ba7) ({Predecessor:} 9... Ba7 10. Be3 Ne7 11. Bxa7 Rxa7 12. Re1 Ng6 13. Nbd2 Re8 14. d4 Be6 15. Bf1 Qc8 {1-0 (43) Van Foreest,J (2667)-Stefansson,H (2529) Prague 2020}) 10. Be3 Bxe3 11. fxe3 Qe7 12. Nbd2 Be6 13. Bxe6 Qxe6 14. Qe2 Rad8 15. d4 {aiming for d5.} Qe7 16. Rf2 Nb8 17. Qc4 c6 18. dxe5 dxe5 19. Nb3 Nbd7 20. Rd2 Rc8 21. Rad1 Rc7 22. Rd6 Ne8 23. R6d2 Nef6 24. Rd6 Ne8 25. R6d2 Nef6 {Accuracy: White = 95%, Black = 89%.} (25... c5 $15) 1/2-1/2

[Event "BL Meisterschaftsturnier 2020"]
[Site "Karlsruhe"]
[Date "2020.09.18"]
[Round "4.3"]
[White "Vandenbussche, Thibaut"]
[Black "Donchenko, Alexander"]
[Result "0-1"]
[WhiteElo "2435"]
[BlackElo "2654"]
[Annotator "TA"]
[PlyCount "98"]
[EventDate "2020.09.16"]
[EventType "team-tourn"]
[EventCountry "GER"]
[SourceTitle "playchess.com"]
[Source "ChessBase"]
[SourceQuality "1"]
[WhiteTeam "Aachen"]
[BlackTeam "Deizisau"]

{[%evp 10,98,27,24,32,20,31,24,34,28,30,0,0,0,0,0,0,7,14,9,18,13,12,-9,-25,-94,-106,-103,-108,-102,-103,-104,-95,-108,-103,-111,-106,-167,-156,-162,-141,-151,-123,-127,-125,-126,-134,-144,-143,-150,-149,-149,-149,-197,-197,-183,-142,-211,-199,-176,-135,-135,-135,-170,-127,-162,-146,-180,-176,-196,-195,-194,-169,-603,-603,-579,-511,-484,-407,-740,-657,-12833,-12834,-12839,-12840,-12839,-12839,-12843,-12843,-12845,-12845]} 1. e4 c6 2. Nc3 d5 3. Nf3 dxe4 4. Nxe4 Nf6 5. Qe2 Nxe4 6. Qxe4 Nd7 {B11: Caro-Kann: Two Knights Variation.} 7. Bc4 {And now Ng5! would win.} Nf6 8. Ne5 {[%csl Ge5][%cal Rc4f7]} e6 {White has an edge.} 9. Qe2 b5 10. Bb3 (10. Bd3 {keeps more tension.} Bb7 11. a4 a6 12. b3 Bd6 13. Bb2) 10... Qc7 11. d4 Bd6 12. O-O O-O 13. c3 Bb7 {[#]} 14. Bf4 $146 ({Predecessor:} 14. Re1 a6 15. Bg5 Nd5 16. Bc2 c5 17. Rad1 cxd4 18. cxd4 Be7 19. Rc1 Qd6 20. Qh5 {0-1 (50) Ducarmon,Q (2479)-Donchenko,A (2593) chess.com INT 2019}) 14... a6 15. a4 c5 16. axb5 (16. dxc5 {seems wilder.} Qxc5 17. Rfd1 Bc7 18. axb5 axb5 19. Nd3) 16... axb5 17. Qxb5 (17. dxc5 $11 Qxc5 18. Nd3) 17... Rab8 $1 $17 {aiming for ...Bxg2!} 18. Qa4 cxd4 19. cxd4 {[#]} Bxg2 $1 {[%mdl 512]} 20. Kxg2 {[#] Hoping for Bd1.} Rb4 $1 {[%cal Rb4a4]} 21. Qa6 {Strongly threatening Rfc1.} Rb6 22. Qa7 {Qxc7 is the strong threat.} Rxb3 23. Rfc1 {[#]} (23. Qxc7 $17 Bxc7 24. Rfb1) 23... Qxa7 $1 $19 24. Rxa7 Rxb2 25. Bg3 Bb8 26. Ra8 Rb7 27. Rca1 g6 28. R1a3 Bxe5 29. dxe5 Nd5 30. Rxf8+ Kxf8 $17 {[%mdl 4096] Endgame KRB-KRN} 31. Ra8+ Kg7 32. Ra4 Rb3 33. Re4 (33. h4 $17) 33... h6 34. h4 Ne7 35. Bf4 Nf5 36. Bd2 Kf8 37. Bb4+ Ke8 38. Rc4 Kd7 39. Ba5 {intending Rc7+.} Rb5 40. Bc3 Rb6 41. Kf3 $2 (41. Be1) 41... Rc6 $19 42. Rxc6 Kxc6 {KB-KN} 43. Kg4 Kd5 44. h5 (44. Bb2 $142 Ke4 45. f3+ Ke3 46. Bc1+ Ke2 47. h5) 44... Ke4 {Black is clearly winning.} 45. f3+ Ke3 46. hxg6 fxg6 47. Ba5 h5+ 48. Kg5 Kxf3 49. Be1 {[#]} h4 $1 {Accuracy: White = 58%, Black = 92%.} 0-1

[Event "BL Meisterschaftsturnier 2020"]
[Site "Karlsruhe"]
[Date "2020.09.18"]
[Round "4.4"]
[White "Wojtaszek, Radoslaw"]
[Black "Andersen, Mads"]
[Result "1-0"]
[WhiteElo "2717"]
[BlackElo "2585"]
[Annotator "TA"]
[PlyCount "113"]
[EventDate "2020.09.16"]
[EventType "team-tourn"]
[EventCountry "GER"]
[SourceTitle "playchess.com"]
[Source "ChessBase"]
[SourceQuality "1"]
[WhiteTeam "Baden-Baden"]
[BlackTeam "Solingen"]

{[%evp 13,113,22,14,20,42,28,28,23,56,45,51,35,66,47,85,-21,-29,-74,0,12,0,0,27,24,77,28,86,79,146,146,131,131,252,250,249,255,245,239,229,236,211,235,358,357,354,357,353,176,182,0,358,358,357,357,355,334,361,347,328,295,295,301,331,295,295,251,435,179,168,101,113,66,88,58,51,36,160,161,220,268,684,679,687,639,817,687,1004,1004,1460,1404,5406,5310,2247,2190,6195,5305,5302,5277,1381,826,1138,1119]} 1. d4 d5 2. c4 e6 3. Nc3 Nf6 4. cxd5 exd5 5. Bg5 c6 6. e3 Be7 7. Bd3 Nbd7 {The main line 7...Nbd7 scores better than 7...0-0.} 8. h3 {D35: Queen's Gambit Declined: Exchange Variation.} Nb6 9. Bf4 Bd6 10. Nge2 {[#] White has an edge.} O-O $146 ({Predecessor:} 10... Nh5 11. Bxd6 Qxd6 12. Qc2 Bd7 13. O-O Nf6 14. Rae1 O-O 15. a4 Rae8 16. a5 Na8 {½-½ (41) Georgescu,T (2460)-Cosma,E (2345) Cap Aurora 2016}) 11. Qc2 Re8 12. g4 Bxf4 13. Nxf4 Qe7 14. Nh5 (14. O-O-O $16) 14... Nxh5 $11 15. Bxh7+ Kf8 (15... Kh8 $17 {Threatens to win with ...Qh4.} 16. gxh5 Qf6) 16. gxh5 Qh4 {Hoping for ...Rxe3+.} 17. O-O-O Qxh5 {...g6 is the strong threat.} 18. Bd3 $1 Nc4 (18... Qh4 $11) 19. Rdg1 Nd6 (19... Qh4 $11 {keeps the balance.}) 20. Ne2 $16 Bf5 (20... Qh6 $142) 21. Qc5 $1 Bxd3 22. Qxd6+ Kg8 (22... Re7 $16 23. Nf4 {[%mdl 64] Double Attack} Qh7) 23. Nf4 $18 {[%mdl 64] Double Attack} Qh7 24. Nxd3 Qxd3 {[#]} 25. Rxg7+ $3 {[%mdl 512]} Kxg7 26. Rg1+ Kh7 27. Qf6 {[%cal Rf6h4][%mdl 1024] White has strong compensation.} Qc4+ (27... Qg6 $142 28. Rxg6 fxg6 29. Qf7+ Kh6 30. Qxb7 Reb8) 28. Kd2 {[%cal Rf6h4]} Qb4+ 29. Ke2 {[%cal Rf6h4]} Qf8 30. Qf5+ (30. Rg5 $142 {Threatening mate with Rh5+.} Qh6 31. Qxf7+ {[%mdl 64] Double Attack} Kh8 32. Rh5 $1 {[%mdl 512]} Qxh5+ 33. Qxh5+ Kg8 34. Qg4+ Kh8 35. Qh5+ Kg7 36. Qg5+ Kh7 37. Qf5+ Kg8 38. Qg6+ Kh8 39. Qf6+ Kg8 40. h4) 30... Kh6 31. Qf6+ $2 $40 {[%mdl 128] White mounts an attack.} (31. Rg5 $1 {[%cal Rg5h5]} Re6 32. Rh5+ Kg7 33. Qg5+ Rg6 34. Qe5+ f6 35. Qc7+ {[%mdl 64] Double Attack} Qf7 36. Rh7+ $1 {[%mdl 576] Skewer, Deflection} Kxh7 37. Qxf7+ Rg7 38. Qxf6) 31... Kh7 32. Rg5 $1 {[%cal Rg5h5] White wants to mate with Rh5+.} Qh6 33. Qxf7+ {[%mdl 64] Double Attack} Kh8 {[#]} 34. Rh5 $1 {[%mdl 512]} Qxh5+ 35. Qxh5+ {[%mdl 4096] Endgame KQ-KRR} Kg7 36. Qg5+ Kf7 37. Qf5+ Ke7 38. h4 Kd6 39. h5 {Black must now prevent h6.} Re7 $2 (39... Kc7 40. Qf7+ Kb6) 40. Kf3 (40. Qf6+ $142 Kd7 41. a4) 40... Kc7 41. Qg5 (41. Qg6 $18) 41... Rf8+ $16 42. Kg4 Ree8 $1 43. Kh4 Rg8 44. Qf6 {Strongly threatening h6.} Kb6 ({Black should play} 44... Re4+ $14 45. Kh3 Reg4) 45. h6 $1 Rg1 {[#]} (45... Rgf8 {might work better.} 46. Qg6 Re4+ 47. Kg3 Re7) 46. Kh5 $1 $18 Reg8 $2 {[#]} (46... Rh1+ 47. Kg6 Rg1+ 48. Kf7 Rc8) 47. Qh4 $1 {White is clearly winning.} Rh8 48. f4 Kc7 49. f5 Kd7 50. Qh2 Rf1 51. Qh3 Rg1 52. f6+ Kd8 53. Qh2 Rhg8 54. Qb8+ {[%mdl 64] Double Attack} Kd7 55. Qxb7+ Kd8 56. Qe7+ Kc8 {[#]} 57. Qg7 $3 {[%mdl 576] Promotion. Accuracy: White = 79%, Black = 45%.} 1-0

[Event "BL Meisterschaftsturnier 2020"]
[Site "Karlsruhe"]
[Date "2020.09.18"]
[Round "4.4"]
[White "Keymer, Vincent"]
[Black "Piceu, Tom"]
[Result "1-0"]
[WhiteElo "2568"]
[BlackElo "2347"]
[Annotator "RC"]
[PlyCount "57"]
[EventDate "2020.09.16"]
[EventType "team-tourn"]
[EventCountry "GER"]
[SourceTitle "playchess.com"]
[Source "ChessBase"]
[SourceQuality "1"]
[WhiteTeam "Deizisau"]
[BlackTeam "Aachen"]
[TimeControl "40/5400+30:1800+30"]

1. d4 {[%emt 0:00:00]} Nf6 {[%emt 0:00:00]} 2. c4 {[%emt 0:00:00]} e6 {[%emt 0:00:00]} 3. Nc3 {[%emt 0:00:00]} d5 {[%emt 0:00:00]} 4. cxd5 {[%emt 0:00:00]} exd5 {[%emt 0:00:00]} 5. Bg5 {[%emt 0:00:00]} Be7 {[%emt 0:00:07]} 6. e3 {[%emt 0:00:00]} O-O {[%emt 0:00:12]} 7. Bd3 {[%emt 0:01:17]} c6 {[%emt 0:00:49]} 8. Nf3 {[%emt 0:03:36]} Nbd7 {[%emt 0:03:13]} 9. Qc2 {[%emt 0:00:20]} h6 {[%emt 0:01:54]} 10. Bh4 {[%emt 0:00:55]} Re8 {[%emt 0:00:36]} 11. Nd2 {[%emt 0:00:21]} c5 {[%emt 0:06:04]} 12. Nf3 {[%emt 0:13:39]} a6 {[%emt 0:03:28]} 13. dxc5 {[%emt 0:03:13]} Nxc5 {[%emt 0:00:32]} 14. O-O {[%emt 0:00:14]} Bg4 {[%emt 0:08:35]} 15. Nd4 {[%emt 0:03:14]} Rc8 {[%emt 0:04:19]} 16. Nf5 {[%emt 0:08:31]} Bf8 {[%emt 0:14:10]} 17. h3 {[%emt 0:06:10]} Nxd3 {[%emt 0:29:06]} 18. Qxd3 {[%emt 0:03:53]} Bxf5 {[%emt 0:00:03]} 19. Qxf5 {[%emt 0:00:17]} Qd7 {[%emt 0:00:02]} 20. Qxd7 {[%emt 0:12:42]} Nxd7 {[%emt 0:00:15]} 21. Nxd5 {[%emt 0:06:36]} Rc2 {[%emt 0:00:17]} 22. Rfd1 {[%emt 0:02:06]} g5 {[%emt 0:06:20]} 23. Bg3 {[%emt 0:03:51]} Rxb2 {[%emt 0:01:28]} 24. Rac1 {[%emt 0:00:29]} Bg7 {[%emt 0:07:25]} 25. Rc7 {[%emt 0:03:21]} Ne5 {[%emt 0:01:41]} 26. Ne7+ {[%emt 0:00:12]} Kf8 {[%emt 0:00:49]} 27. Nf5 {[%emt 0:00:22]} b5 {[%emt 0:00:44]} 28. Rd5 {[%emt 0:03:59]} Ng6 {[%emt 0:03:32]} 29. Rdd7 {[%emt 0:01:56]} 1-0

[Event "BL Meisterschaftsturnier 2020"]
[Site "Karlsruhe"]
[Date "2020.09.18"]
[Round "4.5"]
[White "Van Wely, Loek"]
[Black "Rapport, Richard"]
[Result "0-1"]
[WhiteElo "2615"]
[BlackElo "2760"]
[Annotator "TA"]
[PlyCount "62"]
[EventDate "2020.09.16"]
[EventType "team-tourn"]
[EventCountry "GER"]
[SourceTitle "playchess.com"]
[Source "ChessBase"]
[SourceQuality "1"]
[WhiteTeam "Solingen"]
[BlackTeam "Baden-Baden"]

{[%evp 9,62,25,31,17,19,0,3,0,6,6,12,11,15,14,0,0,14,7,4,30,18,3,46,44,49,6,14,13,6,12,12,17,54,42,53,58,92,102,97,90,168,85,83,80,71,66,114,68,56,59,82,-510,-519,-29962,-6211]} 1. Nf3 d5 2. d4 Bf5 3. c4 e6 4. Nc3 Bb4 5. Qb3 Nc6 6. Bg5 {D06: Queen's Gambit: Symmetrical and Baltic Defences.} Nge7 {[#]} 7. e3 $146 ({Predecessor:} 7. a3 Bxc3+ 8. Qxc3 f6 9. Bd2 e5 10. dxe5 d4 11. Qb3 fxe5 12. e3 O-O 13. c5+ {0-1 (35) Ovod,E (2325)-Iljiushenok,I (2433) St Petersburg 2014}) 7... a5 {[%cal Ba7a5,Ba5a4][%mdl 32] aiming for ...a4.} 8. a3 {The position is equal.} a4 9. Qd1 Bxc3+ 10. bxc3 f6 11. Bf4 Qd7 12. Nh4 Be4 {Hoping for ...h5.} 13. f3 Bg6 14. Nxg6 hxg6 15. Rb1 b6 16. Qc2 Kf7 17. Bd3 dxc4 18. Bxc4 Nd5 19. Bxd5 exd5 20. c4 g5 21. Bg3 $1 Rhe8 22. Kf2 $1 f5 23. cxd5 Qxd5 {With the idea ...f4!} 24. Rhc1 (24. Bxc7 Rac8 $15) 24... Re6 (24... f4 $16) 25. Qc4 ({Better is} 25. Bxc7 $18 f4 26. exf4 (26. Bxb6 fxe3+ 27. Kg1 Nxd4 $11)) 25... Ne7 $16 {[%cal Bc6e7,Be7d5,Bd5e3][%mdl 32]} 26. Rb5 $36 {[%mdl 2048] Keeping Black busy.} c5 27. dxc5 Qd2+ 28. Kf1 Nd5 29. Bf2 {Strongly threatening cxb6.} Rh8 {[#]} 30. Kg1 $2 {[%mdl 8192]} ({Not} 30. cxb6 $2 Rxh2 31. Rxd5 Rh1+ 32. Bg1 Qxe3 $19 {[%mdl 64] Double Attack}) (30. Qc2 $1 $16 {[%cal Rc2d2] stays on course.} Qxc2 31. Rxc2 Rxh2 32. Kg1) 30... Nxe3 $19 31. Qc3 {[#]} (31. Rb2 $19 Nxc4 32. Rxd2 Nxd2 33. cxb6) 31... Rxh2 $1 {[%mdl 512] Accuracy: White = 65%, Black = 77%.} 0-1

[Event "BL Meisterschaftsturnier 2020"]
[Site "Karlsruhe"]
[Date "2020.09.18"]
[Round "4.5"]
[White "Lemmers, Oscar"]
[Black "Lagarde, Maxime"]
[Result "0-1"]
[WhiteElo "2348"]
[BlackElo "2657"]
[Annotator "TA"]
[PlyCount "98"]
[EventDate "2020.09.16"]
[EventType "team-tourn"]
[EventCountry "GER"]
[SourceTitle "playchess.com"]
[Source "ChessBase"]
[SourceQuality "1"]
[WhiteTeam "Aachen"]
[BlackTeam "Deizisau"]

{[%evp 20,98,6,10,0,-40,-25,-39,0,0,0,0,0,0,21,21,22,-4,-4,-4,-4,-4,11,9,17,-4,-4,-4,-4,-4,-4,-8,-6,-14,-6,-7,-5,-8,-11,-10,0,-9,-5,-9,0,-5,0,-8,-11,-14,-4,-18,-17,-18,-18,-88,-78,-81,-63,-99,-66,-103,-110,-109,-102,-180,-181,-186,-181,-150,-167,-271,-260,-281,-275,-345,-331,-12842,-12842,-12843,-12843]} 1. e4 c5 2. c3 d5 3. exd5 Nf6 4. d4 Nxd5 5. Nf3 cxd4 6. cxd4 g6 7. Nc3 Nxc3 8. bxc3 Qc7 9. Bd2 Bg7 10. Bd3 O-O 11. O-O Nc6 {[%cal Bb8c6,Bc6e5,Be5d3][%mdl 32] [#] B10: Caro-Kann: 2 d3 and 2 c4.} 12. d5 $146 ({Predecessor:} 12. Re1 Rd8 13. Bg5 Bf6 14. Qd2 Bg4 15. Bxf6 exf6 16. Re3 Na5 17. h3 Be6 18. Qb2 Rac8 19. Bf1 {½-½ (45) Schlosser,P (2602)-Shyam,S (2505) Pardubice 2013}) 12... Rd8 13. c4 Bg4 {Black is slightly better.} 14. Rc1 $1 Ne5 15. Be2 Bxf3 16. Bxf3 Nd3 17. Rc2 Nc5 18. Qe2 e5 19. dxe6 Nxe6 {Threatens to win with ...Nd4.} 20. Be3 Re8 21. Qd3 Rad8 22. Qb3 b6 23. Bd5 Nd4 24. Bxd4 $1 Bxd4 25. Qd3 Qe5 26. Rd1 Bc5 27. g3 Kg7 28. Rdd2 Qa1+ 29. Rd1 Qe5 30. Rdd2 Rd6 31. Kg2 {Black must now prevent Re2.} Red8 32. Re2 Qa1 33. Qc3+ (33. Rb2 {keeps more tension.} h5 34. h4 R8d7 35. Qc2 Bd4 36. Rb1) 33... Qxc3 34. Rxc3 b5 35. a3 a5 {[%cal Ba7a5,Ba5a4][%mdl 32]} 36. Rb3 Rb6 37. f4 (37. Ra2 $11) 37... a4 $17 38. Rf3 f5 39. h3 h5 40. g4 hxg4 41. hxg4 fxg4 42. Rg3 (42. Rd3 $17) 42... bxc4 $19 43. Bxc4 Rd4 44. Be6 Rxf4 45. Bxg4 {[#]} (45. Rc3 {was worth a try.} Bd6 46. Bd5) 45... Bxa3 $1 {[%mdl 512]} 46. Ra2 (46. Rxa3 Rxg4+) 46... Bb2 47. Bd7 a3 $1 48. Rgxa3 $2 (48. Rd3) 48... Bxa3 49. Rxa3 Rfb4 {Accuracy: White = 63%, Black = 93%.} 0-1